Score 0/25 Timer 07:00
0 Plays Today
% Correct
Lee Child
82.4%
Jonathan Kellerman
79.4%
Michael Connelly
73.5%
Robert Crais
73.5%
Steig Larsson
73.5%
Patricia Cornwell
73.5%
James Patterson
67.6%
C.J. Box
64.7%
Harlen Coben
64.7%
Louise Penny
64.7%
J.D. Robb
64.7%
John Lescroart
61.8%
Ed McBain
58.8%
% Correct
Steve Martini
55.9%
Ace Adkins
52.9%
David Baldacci
50%
John Sandford
50%
James Lee Burke
50%
Sue Grafton
47.1%
Lisa Scottoline
47.1%
Vince Flynn
47.1%
Lisa Gardner
44.1%
Randy Wayne White
44.1%
RIchard North Patterson
35.3%
Scott Turow
32.4%
Remove Ads.
Support Sporcle.
Get the best of Sporcle when you Go Orange. This ad-free experience offers more features, more stats, and more fun while also helping to support Sporcle. Thank you for becoming a member.

You're not logged in!

Compare scores with friends on all Sporcle quizzes.
OR
Log In

Show Comments

Extras

Top Quizzes Today


Score Distribution

Your Account Isn't Verified!

In order to create a playlist on Sporcle, you need to verify the email address you used during registration. Go to your Sporcle Settings to finish the process.

Report this User

Report this user for behavior that violates our Community Guidelines.

Details: